000 00779nam a22002897a 4500
001 BR6000755
003 BR-BrBNA
005 20230928083039.0
007 ta
008 230509b bl.||||| |||| 00| 0 por d
040 _aBR-BrBNA
_bpor
_cBiblioteca Nacional de Agricultura
041 _a(Por)
072 _aS01; E80
_b0336
090 _ 0336 BR6000755
110 1 _aAssociacao Sulina de Credito e Assistencia Rural, Porto Alegre, RS (Brasil)
245 1 _aUse soja na alimentacao
260 3 _aPorto Alegre, RS (Brasil):
_c[nd].
300 _a8 p.
650 _aSOJA
650 _aECONOMIA DOMESTICA
650 _aNUTRICAO HUMANA
650 _aVALOR NUTRITIVO
650 _aVITAMINA
650 _aPRATICO
909 _a202309
_bLucia
_c55
_dLucia Elande
942 _cBK
999 _c11277
_d11277